header

Mothers unite! (Record no. 41285)

MARC details
000 -LEADER
fixed length control field 01318nam a2200325Ia 4500
082 04 - DEWEY DECIMAL CLASSIFICATION NUMBER
Classification number 306.874/3
100 1# - MAIN ENTRY--AUTHOR NAME
Personal name Crowley, Jocelyn Elise,
245 10 - TITLE STATEMENT
Title Mothers unite!
260 ## - PUBLICATION, DISTRIBUTION, ETC. (IMPRINT)
Place of publication Ithaca :
Name of publisher ILR Press,
Year of publication 2013.
300 ## - PHYSICAL DESCRIPTION
Number of Pages x, 227 p.
650 #0 - SUBJECT ADDED ENTRY--TOPICAL TERM
Topical Term Mothers
Topical Term Women employees
Topical Term Work and family
856 40 - ELECTRONIC LOCATION AND ACCESS
Uniform Resource Identifier http://site.ebrary.com/lib/rucke/Doc?id=10715675

No items available.

© 2026 Rongo University
Contact us: librarian | system librarian | Rongo university